| 000 | 01260nam0a2200301 4500 | ||
|---|---|---|---|
| 001 | RU\NLR\bibl\1915958 | ||
| 005 | 20260406162901.0 | ||
| 010 |
_a978-5-94387-803-9 _92500 |
||
| 035 | _a(NLR Aleph) 001905450 | ||
| 090 |
_a3104468 _c3104468 |
||
| 100 | _a20100526d2010 |||y0rusy50 ca | ||
| 101 | 0 | _arus | |
| 102 | _aRU | ||
| 105 | _ay ||||||||| | ||
| 200 | 1 |
_aСправочник по ремонту и настройке спутникового оборудования _fС.Л. Корякин-Черняк |
|
| 210 |
_aСанкт-Петербург _cНаука и Техника _d2010 |
||
| 215 |
_a239 с. _cил. _d21 _e1 электрон. опт. диск (CD-ROM) |
||
| 225 | 1 | _aСерия "Справочник" | |
| 606 | 1 |
_aСпутниковое телевидение _jСправочники _92109529 _3RU\NLR\auth\661275032 |
|
| 606 | 1 |
_aСпутниковая радиосвязь _jСправочники _92148709 _3RU\NLR\auth\661294255 |
|
| 686 | _aЗ947я2 | ||
| 686 | _aЗ884.17я2 | ||
| 700 | 1 |
_4070 _8rus _7ca _aКорякин-Черняк _bС. Л. _gСергей Леонидович _3RU\NLR\auth\779704 _9119516 |
|
| 801 | 0 |
_aRU _bNLR _c20100526 _gRCR |
|
| 801 | 1 |
_aRU _bNLR _c20100526 |
|
| 942 | _cBOOK | ||
| 980 | _aNB | ||